| 000 | 00372nam a2200121 4500 | ||
|---|---|---|---|
| 999 |
_c13763 _d13763 |
||
| 008 | 190403b ||||| |||| 00| 0 eng d | ||
| 100 |
_938245 _aGunting, Ayunan |
||
| 245 |
_aCotabato city among top business friendly cities/ _cAyunan Gunting |
||
| 260 |
_aPhilippines: _bThe Philippine Star; _cc2018. |
||
| 300 | _apage B16. | ||
| 650 | 0 |
_938246 _aBusiness. |
|
| 942 |
_2ddc _cPER |
||